| 000 | 00547nam a22002057a 4500 | ||
|---|---|---|---|
| 999 |
_c6244 _d6244 |
||
| 003 | OSt | ||
| 005 | 20190819155202.0 | ||
| 008 | 190819b ||||| |||| 00| 0 eng d | ||
| 020 | _a9781292024585 | ||
| 040 | _cDDC | ||
| 082 | _a621.31 WIL 2014 | ||
| 100 |
_aWildi, Theodore _912838 |
||
| 245 | _aElectrical Machines, drives, and Power Systems | ||
| 250 | _a6th ed. | ||
| 260 |
_aUK; _bPearson, _c2014 |
||
| 300 |
_aiv,917p; _bill: _c28cm |
||
| 504 | _aReferences, & index included | ||
| 650 |
_aElectrical machines _912839 |
||
| 942 |
_2ddc _cBOOK |
||